<?xml version="1.0" encoding="UTF-8"?><?xml-stylesheet type="text/xsl" href="static/style.xsl"?><OAI-PMH xmlns="http://www.openarchives.org/OAI/2.0/" xmlns:xsi="http://www.w3.org/2001/XMLSchema-instance" xsi:schemaLocation="http://www.openarchives.org/OAI/2.0/ http://www.openarchives.org/OAI/2.0/OAI-PMH.xsd"><responseDate>2026-04-17T06:54:03Z</responseDate><request verb="GetRecord" identifier="oai:www.recercat.cat:2445/165882" metadataPrefix="marc">https://recercat.cat/oai/request</request><GetRecord><record><header><identifier>oai:recercat.cat:2445/165882</identifier><datestamp>2025-12-05T10:13:21Z</datestamp><setSpec>com_2072_1057</setSpec><setSpec>col_2072_478856</setSpec><setSpec>col_2072_478917</setSpec></header><metadata><record xmlns="http://www.loc.gov/MARC21/slim" xmlns:dcterms="http://purl.org/dc/terms/" xmlns:xsi="http://www.w3.org/2001/XMLSchema-instance" xmlns:doc="http://www.lyncode.com/xoai" xsi:schemaLocation="http://www.loc.gov/MARC21/slim http://www.loc.gov/standards/marcxml/schema/MARC21slim.xsd">
   <leader>00925njm 22002777a 4500</leader>
   <datafield ind2=" " ind1=" " tag="042">
      <subfield code="a">dc</subfield>
   </datafield>
   <datafield ind2=" " ind1=" " tag="720">
      <subfield code="a">Lluch, Ernest, 1937-2000</subfield>
      <subfield code="e">author</subfield>
   </datafield>
   <datafield ind2=" " ind1=" " tag="260">
      <subfield code="c">2020-06-16T16:48:33Z</subfield>
   </datafield>
   <datafield ind2=" " ind1=" " tag="260">
      <subfield code="c">2020-06-16T16:48:33Z</subfield>
   </datafield>
   <datafield ind2=" " ind1=" " tag="260">
      <subfield code="c">1970</subfield>
   </datafield>
   <datafield ind2=" " ind1=" " tag="260">
      <subfield code="c">2020-06-16T16:48:33Z</subfield>
   </datafield>
   <datafield ind2=" " ind1=" " tag="520">
      <subfield code="a">El tema de la lluita contra el centralisme polític per part de Catalunya durant el període que va des de 1714 i les seves prolongacions fins a l'aparició de la Renaixença ha estat molt poc estudiat. Així, en la bibliografia sobre el setcents a escala espanyola, des de Ferrer del Río a Sarrailh i a Rerr, el problema no mereix cap comentari especial i només el fet de no fer-ho significa, o sembla pressuposar, que el centralisme borbònic no troba cap dificultat en la seva marxa. En la mateixa bibliografia catalana es pot trobar també la mateixa característica, car només trobem referències de passada en Camp, Moliné i Carrera, mentre que els autors de síntesi sobre el període com Soldevila, Mercader i Vicens adopten sobre aquesta qüestió una actitud tradicional, cosa que significa una menysvaloració dels corrents descentralitzadors.</subfield>
   </datafield>
   <datafield tag="653" ind2=" " ind1=" ">
      <subfield code="a">Absolutisme</subfield>
   </datafield>
   <datafield tag="653" ind2=" " ind1=" ">
      <subfield code="a">Catalunya</subfield>
   </datafield>
   <datafield tag="653" ind2=" " ind1=" ">
      <subfield code="a">Absolutism</subfield>
   </datafield>
   <datafield tag="653" ind2=" " ind1=" ">
      <subfield code="a">Catalonia</subfield>
   </datafield>
   <datafield ind2="0" ind1="0" tag="245">
      <subfield code="a">La Catalunya del segle XVIII i la lluita contra l'absolutisme centralista. El Proyecto del Abogado General Público, de Francesc Romà i Rossell</subfield>
   </datafield>
</record></metadata></record></GetRecord></OAI-PMH>